00358nam a22001097a 4500008004100000020001800041082001400059100003000073245006700103260006400170300001400234230602b xxu||||| |||| 00| 0 eng d a9780199595402 a338.96762 cChristopher S. Adamd2010 aKenya Policies For ProsperitybAfrica: Policies For Prosperity aUnited StatesbOxford University Press Inc., New Yorkc2010 a428 pages